• 首页
  • 本馆介绍
  • 公告通知
  • 最新文献
  • 馆藏检索
  • 电子资源
  • 读者导购
  • 参考咨询
  • 我的图书馆
  • 登录
  • 详细信息显示
  • 放入我的书架
  • 预约/预借图书
  • 作者相关作品
  • 分类相关作品
  • 丛书相关作品
  • 出版社相关作品

书目信息

  • 表格格式
  • 工作单格式
  • 卡片格式
题名:
创意家装设计图典
    
 
作者: ;理想·宅 编
分册:   客厅
出版信息: 北京   化学工业出版社  2018.05
页数: 116页
开本: 24cm
丛书名:
单 册:
中图分类: TU241.02-64 , TU241.041-64 , TU241-64
科图分类:
主题词: 住宅--室内装饰设计--图集 , 住宅--客厅--室内装饰设计--图集
电子资源:
ISBN: 978-7-122-31776-6
000 01035nam0 2200265 450
001 5123
005 20181014104502.74
010    @a978-7-122-31776-6@dCNY39.80
100    @a20180913d2018 em y0chiy50 ea
101 0  @achi
102    @aCN@b110000
105    @aa z 000yy
200 1  @a创意家装设计图典@9chuang yi jia zhuang she ji tu dian@i客厅@f理想·宅编
210    @a北京@c化学工业出版社@d2018.05
215    @a116页@d24cm
312    @a封面英文共同题名:Creative design for home decoration
330    @a本书通过对优秀设计师作品的分析来详细地解析家装设计中客厅的设计,并按现代简约风格、现代时尚风格、北欧风格、新中式风格、现代美式风格、简欧风格对客厅设计进行了分类。书中针对每张图片列出了主材的参考价格,同时搭配了与空间和风格对应的小贴士。
606 0  @a住宅@x室内装饰设计@j图集
606 0  @a住宅@x客厅@x室内装饰设计@j图集
690    @aTU241.02-64@v5
690    @aTU241.041-64@v5
690    @aTU241-64@v4
711 02 @a理想·宅@9li xiang · zhai@4编
801  0 @aCN@b91MARC@c20180913
905    @aMuseLib@dTU241-64@e1485
    
    创意家装设计图典.客厅/理想·宅编.-北京:化学工业出版社,2018.05
    116页;24cm
    
    
    ISBN 978-7-122-31776-6:CNY39.80
    本书通过对优秀设计师作品的分析来详细地解析家装设计中客厅的设计,并按现代简约风格、现代时尚风格、北欧风格、新中式风格、现代美式风格、简欧风格对客厅设计进行了分类。书中针对每张图片列出了主材的参考价格,同时搭配了与空间和风格对应的小贴士。
●
相关链接 在E读中查询图书 在五车中查询图书 在当当中查询图书 在豆瓣中查询图书


正题名:创意家装设计图典     索取号:TU241-64/1485         预约/预借

序号 登录号 条形码 馆藏地/架位号 状态 备注
1 1128239   211282397   第二样本阅览室/ [索取号:TU241-64/1485] 在馆    
2 1128240   211282404   密集书库-资源管理系/ [索取号:TU241-64/1485] 在馆    
3 1128241   211282413   第三借阅区/ [索取号:TU241-64/1485] 在馆    
4 1128242   211282422   第三借阅区/ [索取号:TU241-64/1485] 在馆    
5 1128243   211282431   第三借阅区/ [索取号:TU241-64/1485] 在馆    
唐山师范学院图书馆 欢迎您!
大连网信软件有限公司© 版权所有